[Event "NED-ch U11 Girls"]
[Site "Waalwijk"]
[Date "2012.04.07"]
[Round "9"]
[White "Van den Born, Sofie"]
[Black "Reuver, Lemee"]
[Result "0-1"]
[WhiteElo "242"]
[BlackElo "523"]
[PlyCount "200"]
[EventDate "2012.04.06"]
[EventType "swiss"]
[EventRounds "9"]
[EventCountry "NED"]
[SourceTitle "EXT 2013"]
[Source "ChessBase"]
[SourceDate "2012.11.22"]
[SourceVersion "1"]
[SourceVersionDate "2012.11.22"]
[SourceQuality "1"]

1. e4 e5 2. Bc4 Qf6 3. Nf3 Bd6 4. 0-0 Ne7 5. d3 0-0 6. Bg5 Qg6 7. Bc1 Kh8 8. Bd2 f5 9. Nh4 Qf7 10. Bxf7 Rxf7 11. Be3 Kg8 12. exf5 Nxf5 13. Nxf5 Rxf5 14. Qg4 Rf6 15. Bg5 Rg6 16. Re1 Be7 17. Re3 Rxg5 18. Qf3 d5 19. c4 Bg4 20. Qg3 Bd1 21. cxd5 Rxg3 22. hxg3 Bg5 23. Rxe5 Nd7 24. Rxg5 Nc5 25. Nc3 Bc2 26. Re1 Nxd3 27. Re3 h6 28. Rh5 Rf8 29. Ne4 Nb4 30. Nc5 Nxd5 31. Ree5 Nf6 32. Rh4 b6 33. Na6 h5 34. Nxc7 Ng4 35. Rexh5 Nf6 36. Rh8+ Kf7 37. Rxf8+ Kxf8 38. Rh8+ Kf7 39. Na8 Ne4 40. Nxb6 axb6 41. Rc8 Bb1 42. Rc1 Bxa2 43. Rc6 b5 44. Rb6 Bc4 45. f3 Nd2 46. Kf2 Nb1 47. Rb7+ Kg6 48. Rb6+ Kh7 49. Ke3 g5 50. Kd4 Bf1 51. f4 g4 52. Rb7+ Kg6 53. Rb6+ Kf5 54. Kd5 Bc4+ 55. Kc5 Nd2 56. b4 Ne4+ 57. Kc6 Nxg3 58. Kc5 Kxf4 59. Rxb5 Bxb5 60. Kxb5 Ne4 61. Kc4 Nd6+ 62. Kd3 Kg3 63. Ke2 Kxg2 64. Ke3 g3 65. b5 Kh2 66. Ke2 g2 67. Kf2 g1Q+ 68. Kf3 Nxb5 69. Ke4 Qe1+ 70. Kf3 Nd4+ 71. Kf4 Qf1+ 72. Ke4 Ne6 73. Ke5 Qe1+ 74. Kd6 Qd1+ 75. Kxe6 Qg4+ 76. Ke5 Kg3 77. Kd5 Qf4 78. Ke6 Kg4 79. Kd5 Kf5 80. Kc5 Qf2+ 81. Kd5 Qf4 82. Kc5 Qe4 83. Kd6 Qe5+ 84. Kc6 Ke6 85. Kb7 Qd6 86. Ka7 Qc6 87. Kb8 Kd7 88. Ka7 Qc5+ 89. Ka6 Kd6 90. Kb7 Qc6+ 91. Ka7 Kd7 92. Kb8 Qc7+ 93. Ka8 Qa5+ 94. Kb7 Kd6 95. Kb8 Qc7+ 96. Ka8 Qc6+ 97. Ka7 Kc5 98. Kb8 Qd7 99. Ka8 Kb6 100. Kb8 Qb7# 0-1

[Event "NED-ch U11 Girls"]
[Site "Waalwijk"]
[Date "2012.04.06"]
[Round "3"]
[White "Geene, Ilse"]
[Black "Reuver, Lemee"]
[Result "1-0"]
[WhiteElo "645"]
[BlackElo "523"]
[PlyCount "97"]
[EventDate "2012.04.06"]
[EventType "swiss"]
[EventRounds "9"]
[EventCountry "NED"]
[SourceTitle "EXT 2013"]
[Source "ChessBase"]
[SourceDate "2012.11.22"]
[SourceVersion "1"]
[SourceVersionDate "2012.11.22"]
[SourceQuality "1"]

1. e4 e5 2. Nf3 Nc6 3. Bc4 Nf6 4. Nc3 Na5 5. Nxe5 Nxc4 6. Nxc4 Be7 7. d3 0-0 8. 0-0 d6 9. Bg5 b5 10. Nxb5 c6 11. Nd4 c5 12. Nc6 Qc7 13. Nxe7+ Qxe7 14. Bxf6 Qxf6 15. Qe2 Be6 16. Nxd6 Qg6 17. g3 Bd7 18. Nb7 Bc6 19. Nxc5 a5 20. a3 Qg5 21. Qe3 Qg4 22. Nb3 a4 23. Nd4 Bd7 24. Qf3 Qg6 25. Rfe1 Qd6 26. c3 Qg6 27. e5 Bg4 28. Qc6 Qg5 29. e6 Rac8 30. Qd7 Rcd8 31. Qc6 Qd2 32. e7 Rb8 33. e8Q g6 34. Qe5 h5 35. Qcf6 Qh6 36. Rab1 Rbe8 37. Qd5 Qh7 38. Rxe8 Rxe8 39. Qd7 Bxd7 40. b4 Bf5 41. b5 Bxd3 42. Rb4 Re1+ 43. Kg2 Be4+ 44. Nf3 Re2 45. b6 Qh6 46. b7 Bxb7 47. Rxb7 Qc1 48. Rb8+ Kh7 49. Qh8# 1-0

[Event "NED-ch U11 Girls"]
[Site "Waalwijk"]
[Date "2012.04.06"]
[Round "5"]
[White "Reuver, Lemee"]
[Black "Hermanns, Julie Anne"]
[Result "0-1"]
[WhiteElo "523"]
[BlackElo "694"]
[PlyCount "46"]
[EventDate "2012.04.06"]
[EventType "swiss"]
[EventRounds "9"]
[EventCountry "NED"]
[SourceTitle "EXT 2013"]
[Source "ChessBase"]
[SourceDate "2012.11.22"]
[SourceVersion "1"]
[SourceVersionDate "2012.11.22"]
[SourceQuality "1"]

1. e4 e5 2. Nf3 Nc6 3. Nxe5 Nxe5 4. Qh5 Ng6 5. Qf3 Ne5 6. Qf4 Bd6 7. Bd3 Nxd3+ 8. cxd3 Bxf4 9. 0-0 Qf6 10. Nc3 Ne7 11. b4 0-0 12. Nd5 Nxd5 13. exd5 Qxa1 14. Ba3 Qxa2 15. Bc1 d6 16. g3 Bxd2 17. Bxd2 Qxd2 18. b5 Qxd3 19. f4 Qe3+ 20. Kg2 Qe2+ 21. Rf2 Bh3+ 22. Kg1 Qe1+ 23. Rf1 Qxf1# 0-1

[Event "NED-ch U11 Girls"]
[Site "Waalwijk"]
[Date "2012.04.06"]
[Round "1"]
[White "Reuver, Lemee"]
[Black "Van Harten, Eva"]
[Result "1-0"]
[WhiteElo "523"]
[BlackElo "926"]
[PlyCount "71"]
[EventDate "2012.04.06"]
[EventType "swiss"]
[EventRounds "9"]
[EventCountry "NED"]
[SourceTitle "EXT 2013"]
[Source "ChessBase"]
[SourceDate "2012.11.22"]
[SourceVersion "1"]
[SourceVersionDate "2012.11.22"]
[SourceQuality "1"]

1. e4 e5 2. Qf3 Nc6 3. Bc4 Nf6 4. g4 Qe7 5. g5 Nxe4 6. Qxe4 Qxg5 7. Nc3 Bc5 8. d4 Nxd4 9. Bxg5 0-0 10. 0-0-0 c6 11. Qxe5 d5 12. Bd3 Bg4 13. Re1 Bf3 14. Nh3 Bxh1 15. Rxh1 f6 16. Qc7 fxg5 17. Qxb7 g4 18. Ng5 h6 19. Nf7 Rae8 20. Bg6 Re7 21. Qa6 Rc7 22. Na4 Bd6 23. Nxd6 Rf6 24. Ne8 Rd7 25. Nxf6+ gxf6 26. Qd3 Ne6 27. h3 gxh3 28. Rxh3 Nf4 29. Qe3 Nxh3 30. Qe6+ Kf8 31. Qxd7 Ng5 32. Qxa7 h5 33. f4 Kg8 34. fxg5 fxg5 35. Qf7+ Kh8 36. Qf8# 1-0